[Event "Mamedyarov-Safarli m"]
[Site "Playchess"]
[Date "2009.08.30"]
[Round "?"]
[White "Safarli, Eltaj"]
[Black "Mamedyarov, Shakhriyar"]
[Result "1-0"]
[WhiteElo "2597"]
[BlackElo "2717"]
[PlyCount "53"]
[EventDate "2009.08.30"]
[EventType "match (blitz)"]
[EventCountry "GER"]

1. e4 d6 2. d4 Nf6 3. Nc3 g6 4. f4 Bg7 5. Nf3 c5 6. d5 O-O 7. Bd3 a6 8. a4 e6
9. dxe6 Bxe6 10. O-O Re8 11. f5 gxf5 12. exf5 Bd7 13. Bf4 Bc6 14. Qd2 d5 15.
Bh6 Bxh6 16. Qxh6 Nbd7 17. Ng5 d4 18. Ne2 Ne5 19. Nxh7 Nfg4 20. Qh3 f6 21. Nf4
Qe7 22. Bc4+ Nxc4 23. Qxg4+ Kxh7 24. Ne6 Kh8 25. Qh4+ Kg8 26. Rf4 Ne5 27. Qg3+
{Time '} 1-0

[Event "Mamedyarov-Safarli m"]
[Site "Playchess"]
[Date "2009.08.30"]
[Round "?"]
[White "Mamedyarov, Shakhriyar"]
[Black "Safarli, Eltaj"]
[Result "0-1"]
[WhiteElo "2717"]
[BlackElo "2597"]
[PlyCount "108"]
[EventDate "2009.08.30"]
[EventType "match (blitz)"]
[EventCountry "GER"]

1. d4 Nf6 2. c4 g6 3. Nc3 d5 4. Bf4 Bg7 5. Rc1 O-O 6. Nf3 c6 7. e3 Bg4 8. Qb3
Bxf3 9. gxf3 Qd7 10. Be5 e6 11. f4 Na6 12. cxd5 exd5 13. Bxa6 bxa6 14. Ne2 Ne4
15. Bxg7 Kxg7 16. Ng3 Nd6 17. Qa4 Qh3 18. Qxa6 Rfe8 19. Qf1 Qg4 20. Qe2 Qh3 21.
Rxc6 Ne4 22. Rc2 Rac8 23. Nxe4 dxe4 24. Rxc8 Rxc8 25. Kd2 Qe6 26. Rc1 Rxc1 27.
Kxc1 Qxa2 28. Qb5 Qa1+ 29. Kd2 f6 30. d5 a6 31. Qb7+ Kh6 32. d6 Qa5+ 33. Ke2
Qh5+ 34. Ke1 Qa5+ 35. Kf1 f5 36. Qe7 Qa1+ 37. Kg2 Qd1 38. Qg5+ Kg7 39. Qe7+ Kh6
40. Qg5+ Kg7 41. h3 Qxd6 42. Qh4 Qf6 43. Qg3 Qxb2 44. h4 Qf6 45. h5 Kh6 46. Qh3
Kg7 47. Kh1 gxh5 48. Qg3+ Qg6 49. Qh3 Qg4 50. Qf1 Qf3+ 51. Kg1 h4 52. Kh2 Qg4
53. Qe1 h3 54. f3 Qg2# 0-1

[Event "Mamedyarov-Safarli m"]
[Site "Playchess"]
[Date "2009.08.30"]
[Round "?"]
[White "Safarli, Eltaj"]
[Black "Mamedyarov, Shakhriyar"]
[Result "0-1"]
[WhiteElo "2597"]
[BlackElo "2717"]
[PlyCount "68"]
[EventDate "2009.08.30"]
[EventType "match (blitz)"]
[EventCountry "GER"]

1. e4 e5 2. Nf3 Nc6 3. Bb5 a6 4. Ba4 Nf6 5. Qe2 b5 6. Bb3 g6 7. d4 d6 8. dxe5
Nxe5 9. h3 Nxf3+ 10. Qxf3 Bb7 11. O-O Bg7 12. Nc3 O-O 13. Bg5 h6 14. Bh4 c5 15.
Bd5 Bxd5 16. Nxd5 g5 17. Bg3 Nxd5 18. exd5 f5 19. c3 f4 20. Bh2 Qd7 21. a4 bxa4
22. Rfe1 Rfe8 23. Re6 Rab8 24. Rae1 Rxe6 25. dxe6 Qe7 26. h4 Be5 27. Qg4 Rxb2
28. Qf5 Qf6 29. Qh3 a3 30. hxg5 hxg5 31. e7 Qxe7 32. Qc8+ Kg7 33. Qxa6 a2 34.
g4 Rb1 0-1

[Event "Mamedyarov-Safarli m"]
[Site "Playchess"]
[Date "2009.08.30"]
[Round "?"]
[White "Mamedyarov, Shakhriyar"]
[Black "Safarli, Eltaj"]
[Result "1-0"]
[WhiteElo "2717"]
[BlackElo "2597"]
[PlyCount "75"]
[EventDate "2009.08.30"]
[EventType "match (blitz)"]
[EventCountry "GER"]

1. d4 Nf6 2. Bg5 g6 3. Bxf6 exf6 4. c4 f5 5. g3 d6 6. Bg2 h5 7. h4 Nd7 8. Nc3
Nf6 9. e3 c6 10. b4 Bh6 11. b5 Bd7 12. Nge2 O-O 13. bxc6 bxc6 14. O-O Ng4 15.
Rb1 g5 16. hxg5 Qxg5 17. Rb7 Rad8 18. Bf3 h4 19. Bxg4 fxg4 20. Nf4 Rfe8 21. Qd3
Bf5 22. e4 Bh7 23. Rxa7 Qf6 24. Qe3 Bxf4 25. gxf4 d5 26. e5 Qh6 27. cxd5 cxd5
28. Ra5 g3 29. Nxd5 Kh8 30. Nf6 gxf2+ 31. Kxf2 Rb8 32. Re1 Rb2+ 33. Re2 Reb8
34. Nxh7 Qxh7 35. e6 Rxe2+ 36. Qxe2 f6 37. e7 Re8 38. Rh5 1-0

[Event "Mamedyarov-Safarli m"]
[Site "Playchess"]
[Date "2009.08.30"]
[Round "?"]
[White "Safarli, Eltaj"]
[Black "Mamedyarov, Shakhriyar"]
[Result "0-1"]
[WhiteElo "2597"]
[BlackElo "2717"]
[PlyCount "50"]
[EventDate "2009.08.30"]
[EventType "match (blitz)"]
[EventCountry "GER"]

1. e4 e5 2. Nf3 Nc6 3. Bb5 a6 4. Ba4 Nf6 5. Nc3 b5 6. Bb3 Bc5 7. a4 Rb8 8. d3
h6 9. Nd5 d6 10. axb5 axb5 11. c3 O-O 12. h3 Nxd5 13. exd5 Ne7 14. O-O Bb6 15.
Be3 Ng6 16. Bxb6 Rxb6 17. d4 e4 18. Nd2 f5 19. c4 bxc4 20. Nxc4 Rb8 21. Na5 Qg5
22. Nc6 f4 23. Bc2 Bxh3 24. Bxe4 Bxg2 25. Ne7+ Nxe7 0-1

[Event "Mamedyarov-Safarli m"]
[Site "Playchess"]
[Date "2009.08.30"]
[Round "?"]
[White "Mamedyarov, Shakhriyar"]
[Black "Safarli, Eltaj"]
[Result "1-0"]
[WhiteElo "2717"]
[BlackElo "2597"]
[PlyCount "141"]
[EventDate "2009.08.30"]
[EventType "match (blitz)"]
[EventCountry "GER"]

1. d4 Nf6 2. c4 g6 3. Nc3 d5 4. Bf4 Bg7 5. Rc1 O-O 6. Nf3 Nh5 7. Bg5 h6 8. Bh4
g5 9. Bg3 g4 10. Ne5 f6 11. Ng6 Rf7 12. cxd5 c5 13. dxc5 Bf5 14. Nf4 Nxg3 15.
hxg3 Qa5 16. e3 Nd7 17. Bd3 Bxd3 18. Nxd3 Nxc5 19. Nxc5 Qxc5 20. Qxg4 f5 21.
Qf4 b5 22. O-O b4 23. Ne2 Qxd5 24. Qxb4 Qxa2 25. Nd4 Qd5 26. Rfd1 Qe4 27. Qa5
Raf8 28. Rc6 Kh7 29. Re6 Qb7 30. Qb5 Qc7 31. Rc6 Qd7 32. Rc5 e5 33. Rd5 Qxb5
34. Nxb5 Rb7 35. R1d2 Rfb8 36. Nd6 Rxb2 37. Rxb2 Rxb2 38. Nxf5 Bf6 39. g4 Kg6
40. f4 Rb1+ 41. Kf2 exf4 42. exf4 Ra1 43. Kf3 Ra3+ 44. Kf2 Ra4 45. Kg3 Ra3+ 46.
Kh2 Ra4 47. g3 Ra2+ 48. Kh3 Ra1 49. Rd6 Kf7 50. Rd7+ Be7 51. Rxe7+ Kf6 52. Re5
Rh1+ 53. Kg2 Ra1 54. Nxh6 a5 55. Kh3 a4 56. g5+ Kg6 57. Kg4 a3 58. Re6+ Kg7 59.
Nf5+ Kf8 60. Rf6+ Ke8 61. Ra6 Kd7 62. g6 Rb1 63. g7 Rb8 64. Ra7+ Ke6 65. Rxa3
Rg8 66. Re3+ Kf7 67. Ra3 Kg6 68. Ra7 Kh7 69. Ra6 Rf8 70. Rh6+ Kg8 71. gxf8=Q+
1-0

[Event "Mamedyarov-Safarli m"]
[Site "Playchess"]
[Date "2009.08.30"]
[Round "?"]
[White "Safarli, Eltaj"]
[Black "Mamedyarov, Shakhriyar"]
[Result "0-1"]
[WhiteElo "2597"]
[BlackElo "2750"]
[PlyCount "72"]
[EventDate "2009.08.30"]
[EventType "match (blitz)"]
[EventCountry "GER"]

1. e4 e5 2. Nf3 Nc6 3. Bb5 a6 4. Ba4 Nf6 5. Qe2 b5 6. Bb3 g6 7. d4 d6 8. dxe5
Nxe5 9. h3 Nxf3+ 10. Qxf3 Bb7 11. O-O Bg7 12. Nc3 c5 13. a4 c4 14. Ba2 O-O 15.
Bg5 h6 16. Bh4 g5 17. Bg3 Re8 18. Rae1 b4 19. Nd5 Nxd5 20. exd5 Qc7 21. h4 Qc5
22. Rd1 Bxb2 23. hxg5 hxg5 24. Qf5 Bg7 25. c3 bxc3 26. Bb1 Re2 27. Be4 Re8 28.
Bf3 R2e5 29. Bxe5 Rxe5 30. Qd7 Bc8 31. Qd8+ Kh7 32. g3 c2 33. Rc1 g4 34. Bg2
Bf5 35. Qh4+ Kg6 36. Kh2 Bf6 0-1

[Event "Mamedyarov-Safarli m"]
[Site "Playchess"]
[Date "2009.08.30"]
[Round "?"]
[White "Mamedyarov, Shakhriyar"]
[Black "Safarli, Eltaj"]
[Result "1-0"]
[WhiteElo "2717"]
[BlackElo "2597"]
[PlyCount "145"]
[EventDate "2009.08.30"]
[EventType "match (blitz)"]
[EventCountry "GER"]

1. d4 Nf6 2. c4 g6 3. Nc3 Bg7 4. g3 d6 5. Bg2 O-O 6. Nf3 Nbd7 7. O-O e5 8. e4
exd4 9. Nxd4 Nc5 10. h3 Re8 11. Re1 a5 12. Qc2 a4 13. Bf4 Nfd7 14. Rad1 Ne5 15.
b3 axb3 16. axb3 c6 17. b4 Ne6 18. Nxe6 Bxe6 19. c5 Ra3 20. Rxd6 Qa8 21. Nb1
Ra2 22. Qc1 Nc4 23. Rxe6 Rxe6 24. Qxc4 Ra1 25. e5 Qa2 26. Qxa2 Rxa2 27. Nc3 Rb2
28. b5 h6 29. h4 g5 30. hxg5 hxg5 31. Bxg5 Bxe5 32. bxc6 bxc6 33. Ne4 Bd4 34.
Be3 Bg7 35. Nd6 Bd4 36. Bh3 Bxe3 37. Rxe3 Rxe3 38. fxe3 Rc2 39. Ne4 Rc4 40. Bf5
Kg7 41. Kf2 Rc2+ 42. Kf3 Rc4 43. g4 f6 44. Kf4 Rc1 45. Kf3 Rf1+ 46. Ke2 Ra1 47.
Kd3 Kf7 48. Bd7 Ra6 49. Bc8 Ra3+ 50. Nc3 Ke7 51. e4 Ra1 52. Bf5 Rg1 53. Kd4 Ra1
54. e5 Ra8 55. exf6+ Kxf6 56. Ne4+ Ke7 57. g5 Ra1 58. Ke5 Rg1 59. g6 Rg2 60.
Nd6 Rg1 61. Be4 Rg3 62. Nf5+ Kf8 63. Nxg3 Kg7 64. Nf5+ Kh8 65. Ne7 Kg7 66. Nxc6
Kh6 67. Nd4 Kg7 68. c6 Kh6 69. c7 Kg5 70. c8=Q Kh6 71. g7 Kg5 72. Qf8 Kh6 73.
g8=Q+ 1-0

[Event "Mamedyarov-Safarli m"]
[Site "Playchess"]
[Date "2009.08.30"]
[Round "?"]
[White "Safarli, Eltaj"]
[Black "Mamedyarov, Shakhriyar"]
[Result "0-1"]
[WhiteElo "2597"]
[BlackElo "2717"]
[PlyCount "128"]
[EventDate "2009.08.30"]
[EventType "match (blitz)"]
[EventCountry "GER"]

1. e4 Nf6 2. e5 Nd5 3. d4 d6 4. Nf3 dxe5 5. Nxe5 Nd7 6. Nxf7 Kxf7 7. Qh5+ Ke6
8. c4 N5f6 9. d5+ Kd6 10. Bf4+ e5 11. dxe6+ Kxe6 12. Qf3 Kf7 13. Nc3 Bd6 14.
O-O-O Bxf4+ 15. Qxf4 Qe7 16. Bd3 Qe5 17. Qf3 Nc5 18. h3 Qg5+ 19. Rd2 Rd8 20.
Nd5 c6 21. Nf4 Bf5 22. h4 Nxd3+ 23. Nxd3 Qxd2+ 24. Kxd2 Rxd3+ 25. Qxd3 Bxd3 26.
Kxd3 Rd8+ 27. Ke3 Ng4+ 28. Ke2 Re8+ 29. Kf3 Ne5+ 30. Kg3 Nxc4 31. b3 Nb6 32.
Rd1 Nd5 33. Rd2 Re6 34. f3 Rg6+ 35. Kf2 Re6 36. g4 h5 37. gxh5 Rh6 38. Kg3 Rxh5
39. Kg4 Nf6+ 40. Kg3 Rd5 41. Rc2 a5 42. Rc4 Rf5 43. a3 Nh5+ 44. Kg4 g6 45. b4
Nf6+ 46. Kg3 a4 47. Rd4 Rd5 48. Rf4 Rd3 49. b5 cxb5 50. Rb4 Rb3 51. Rd4 Rxa3
52. Rd6 Rb3 53. Rb6 a3 54. Rxb7+ Ke6 55. Ra7 Kf5 56. Ra5 Nd5 57. Kf2 Ke5 58. h5
gxh5 59. Kg3 h4+ 60. Kxh4 Rxf3 61. Kg5 Rb3 62. Ra8 b4 63. Kg4 Kd4 64. Re8 Rb2
0-1

[Event "Mamedyarov-Safarli m"]
[Site "Playchess"]
[Date "2009.08.30"]
[Round "?"]
[White "Safarli, Eltaj"]
[Black "Mamedyarov, Shakhriyar"]
[Result "0-1"]
[WhiteElo "2597"]
[BlackElo "2717"]
[PlyCount "66"]
[EventDate "2009.08.30"]
[EventType "match (blitz)"]
[EventCountry "GER"]

1. e4 c5 2. Nf3 d6 3. d4 cxd4 4. Nxd4 Nf6 5. Nc3 Nc6 6. Bg5 e6 7. Qd2 a6 8.
O-O-O Be7 9. f4 Nxd4 10. Qxd4 b5 11. Bxf6 gxf6 12. Kb1 Qc7 13. f5 Qc5 14. Qd2
Bb7 15. Bd3 b4 16. Ne2 a5 17. Nd4 e5 18. Nb3 Qb6 19. Qe2 O-O 20. Bc4 a4 21. Nd2
Rfc8 22. Nf1 b3 23. cxb3 axb3 24. a3 d5 25. exd5 Bxa3 26. bxa3 Rxa3 27. d6 Qa5
28. Qb2 Rxc4 29. Nd2 Rc2 30. Nxb3 Rxb2+ 31. Kxb2 Ra2+ 32. Kb1 Be4+ 33. Kc1 Qc3#
0-1

[Event "Mamedyarov-Safarli m"]
[Site "Playchess"]
[Date "2009.08.30"]
[Round "?"]
[White "Safarli, Eltaj"]
[Black "Mamedyarov, Shakhriyar"]
[Result "1-0"]
[WhiteElo "2597"]
[BlackElo "2717"]
[PlyCount "87"]
[EventDate "2009.08.30"]
[EventType "match (blitz)"]
[EventCountry "GER"]

1. e4 d5 2. exd5 Qxd5 3. Nf3 Qd8 4. Nc3 g6 5. d4 Bg7 6. Be2 Nh6 7. O-O Nf5 8.
d5 O-O 9. Ne4 c6 10. dxc6 Nxc6 11. c3 Qc7 12. Ng3 b6 13. Qa4 Nxg3 14. hxg3 Bb7
15. Qh4 Ne5 16. Ng5 h6 17. Nh3 Qc6 18. f3 Qf6 19. Qxf6 exf6 20. Be3 f5 21. Nf4
Rfe8 22. Kf2 Rac8 23. a4 Nc4 24. Bxc4 Rxc4 25. a5 Bc6 26. axb6 axb6 27. Ra6 b5
28. Ne2 b4 29. b3 Bb5 30. Rb6 Rxc3 31. Nxc3 Bxf1 32. Nd5 Bd3 33. Nxb4 Bb1 34.
Nd5 g5 35. b4 Re6 36. Rxe6 fxe6 37. Nc7 Kf7 38. b5 f4 39. gxf4 gxf4 40. Bxf4
Bd4+ 41. Be3 Bc3 42. b6 Ba5 43. Na8 Bc3 44. b7 1-0

[Event "Open International d'Ambès 2010"]
[Site "Ambes"]
[Date "2010.??.??"]
[Round "?"]
[White "Dgebuadze, Alexandre"]
[Black "Lagunes, Jean Renaud"]
[Result "1-0"]
[WhiteElo "2539"]
[BlackElo "2107"]
[PlyCount "76"]
[EventDate "2010.04.??"]
[EventType "swiss"]
[EventRounds "9"]
[EventCountry "FRA"]

1. d4 Nf6 2. Nf3 g6 3. Nc3 Bg7 4. e4 d6 5. Be3 c6 6. Qd2 b5 7. Bd3 Qc7 8. h3
Nbd7 9. Ne2 Bb7 10. c3 a6 11. Bh6 Bxh6 12. Qxh6 c5 13. d5 Ne5 14. Nxe5 dxe5 15.
a4 c4 16. Bc2 Qd6 17. axb5 axb5 18. Rxa8+ Bxa8 19. O-O Bb7 20. Ra1 Nd7 21. Qg7
Rf8 22. Qxh7 Nc5 23. Qh6 Rg8 24. Qe3 f6 25. Nc1 f5 26. b4 Nxe4 27. Bxe4 fxe4
28. Ne2 Qxd5 29. Ng3 Kf7 30. Nf1 Ra8 31. Rxa8 Bxa8 32. Qh6 e3 33. Nxe3 Qe4 34.
h4 Qb1+ 35. Kh2 Be4 36. Qh8 Bc6 37. Qxe5 Qe1 38. Kg3 Qd2 {suite illisible} 1-0

[Event "Open International d'Ambès 2010"]
[Site "Ambes"]
[Date "2010.04.26"]
[Round "4.2"]
[White "Favarel, Antoine"]
[Black "Okhotnik, Vladimir"]
[Result "0-1"]
[WhiteElo "2231"]
[BlackElo "2458"]
[PlyCount "32"]
[EventDate "2010.04.??"]
[EventType "swiss"]
[EventRounds "9"]
[EventCountry "FRA"]

1. e4 c5 2. Nf3 g6 3. c3 d5 4. exd5 Qxd5 5. d4 Nf6 6. Be2 cxd4 7. cxd4 Bg7 8.
O-O O-O 9. Nc3 Qa5 10. Qb3 Na6 11. Bc4 Qb4 12. Re1 e6 13. Bf4 Rd8 14. d5 exd5
15. Nxd5 Nxd5 16. Bxd5 Qxf4 0-1

[Event "Open International d'Ambès 2010"]
[Site "Ambes"]
[Date "2010.04.26"]
[Round "4.3"]
[White "Lagunes, Jean Renaud"]
[Black "Zubarev, Alexander"]
[Result "0-1"]
[WhiteElo "2107"]
[BlackElo "2536"]
[PlyCount "64"]
[EventDate "2010.04.??"]
[EventType "swiss"]
[EventRounds "9"]
[EventCountry "FRA"]

1. e4 c5 2. Nf3 e6 3. b3 Nf6 4. Nc3 d5 5. exd5 exd5 6. Bb5+ Bd7 7. Bxd7+ Nbxd7
8. O-O d4 9. Re1+ Be7 10. Ne2 O-O 11. Ng3 g6 12. d3 Nd5 13. Qd2 Re8 14. Bb2 Qc7
15. a3 f5 16. b4 b6 17. b5 a6 18. bxa6 Bf6 19. Rxe8+ Rxe8 20. Re1 Ra8 21. h4
Rxa6 22. h5 Ra8 23. hxg6 hxg6 24. Qh6 Nf8 25. Ng5 Qg7 26. Qh4 Qd7 27. Bc1 Re8
28. Rxe8 Qxe8 29. Bd2 Qa4 30. Qh6 Bg7 31. Qh3 Qxc2 32. Nxf5 Qxd2 0-1

[Event "Open International d'Ambès 2010"]
[Site "Ambes"]
[Date "2010.04.26"]
[Round "4.5"]
[White "Pellegrin, Guy"]
[Black "Galloux, Maxime"]
[Result "0-1"]
[WhiteElo "1840"]
[BlackElo "2021"]
[PlyCount "80"]
[EventDate "2010.04.??"]
[EventType "swiss"]
[EventRounds "9"]
[EventCountry "FRA"]

1. d4 Nf6 2. c4 g6 3. Nc3 Bg7 4. e4 d6 5. f3 O-O 6. Be3 c5 7. dxc5 dxc5 8. Qxd8
Rxd8 9. Rd1 Rxd1+ 10. Kxd1 b6 11. e5 Nfd7 12. f4 Nc6 13. Nf3 f6 14. exf6 Nxf6
15. h3 Be6 16. Ng5 Rd8+ 17. Kc1 Bc8 18. Be2 Nd4 19. Bd1 h6 20. Nf3 Bb7 21. Rg1
Nd7 22. Nd5 e6 23. Nc3 Kf7 24. Rf1 Ke7 25. Re1 a6 26. Bf2 Nxf3 27. gxf3 Bxc3
28. bxc3 Nf6 29. Bc2 Kf7 30. Be4 Bxe4 31. fxe4 Rd3 32. e5 Rf3 33. Bh4 Nh7 34.
Bd8 Rxc3+ 35. Kb2 Rxc4 36. Rd1 Ke8 37. Bc7 Rxf4 38. Rd8+ Ke7 39. Rh8 Ng5 40.
Rxh6 Kf7 0-1

[Event "Open International d'Ambès 2010"]
[Site "Ambes"]
[Date "2010.04.26"]
[Round "4.6"]
[White "Lapeyre, Pierre"]
[Black "Constantin, Mathias"]
[Result "1/2-1/2"]
[WhiteElo "2103"]
[BlackElo "1818"]
[PlyCount "122"]
[EventDate "2010.04.??"]
[EventType "swiss"]
[EventRounds "9"]
[EventCountry "FRA"]

1. f4 g6 2. Nf3 Bg7 3. g3 f5 4. Bg2 Nf6 5. c3 Nc6 6. O-O O-O 7. Ne5 e6 8. Nxc6
bxc6 9. d3 d5 10. Nd2 Qe7 11. Nf3 Nd7 12. e4 fxe4 13. dxe4 Qc5+ 14. Kh1 Nf6 15.
e5 Ne4 16. Nd4 Re8 17. Rf3 Qb6 18. Qc2 c5 19. Nb3 c4 20. Nd4 Bf8 21. Qa4 Bb7
22. Qb5 a6 23. Qxb6 cxb6 24. Bh3 Bc8 25. Be3 b5 26. a3 Bd7 27. Nc2 a5 28. Rff1
Nc5 29. Rfd1 Na6 30. Kg1 b4 31. axb4 axb4 32. Rxd5 exd5 33. Bxd7 Nc7 34. Bxe8
Rxa1+ 35. Nxa1 Nxe8 36. cxb4 Bxb4 37. Nc2 Ba5 38. Kf2 Nc7 39. Ke2 Ne6 40. Nd4
Kf7 41. Nc6 Bc7 42. g4 h5 43. h3 hxg4 44. hxg4 Nd8 45. Nb4 Ke6 46. Bd4 Ba5 47.
Nc2 Nc6 48. Ke3 Bc7 49. Bc5 g5 50. Nd4+ Nxd4 51. Bxd4 gxf4+ 52. Kxf4 Ba5 53. g5
Bd2+ 54. Kg4 Bc1 55. g6 Bh6 56. Kh5 Bg7 57. Bc3 Bf8 58. Bd2 Bg7 59. Bc3 Bf8 60.
Kg5 Bg7 61. Bd2 Bf8 1/2-1/2

[Event "Open International d'Ambès 2010"]
[Site "Ambes"]
[Date "2010.04.26"]
[Round "4.7"]
[White "Ternault, Mathieu"]
[Black "Perez, Patrick"]
[Result "1/2-1/2"]
[WhiteElo "1994"]
[BlackElo "1801"]
[PlyCount "83"]
[EventDate "2010.04.??"]
[EventType "swiss"]
[EventRounds "9"]
[EventCountry "FRA"]

1. d4 g6 2. Nf3 Bg7 3. e4 d6 4. c4 e6 5. Nc3 Nd7 6. Bg5 Ne7 7. Be2 a6 8. O-O c5
9. Qd2 h6 10. Be3 b6 11. Rad1 Bb7 12. Rfe1 Qc7 13. dxc5 dxc5 14. Bf4 e5 15. Bg3
Rd8 16. Nd5 Qb8 17. Bh4 f6 18. Qc2 g5 19. Bg3 h5 20. h3 Bc6 21. Qb3 Qb7 22. Nd2
Ng6 23. Nf1 Ndf8 24. Nfe3 Ne6 25. Nf5 Bf8 26. Rd2 Nd4 27. Qd1 Nxe2+ 28. Qxe2
Qb8 29. Red1 Kf7 30. Qf3 Re8 31. Nde3 Qc7 32. Nd5 Qb8 33. Qe2 Qc8 34. f3 Re6
35. Bf2 Qb7 36. Be3 h4 37. a3 Ba4 38. Rb1 a5 39. b3 Bc6 40. a4 Qa7 41. Rbd1 Qb7
42. Nc3 1/2-1/2

[Event "Open International d'Ambès 2010"]
[Site "Ambes"]
[Date "2010.04.26"]
[Round "4.8"]
[White "Delgrange, Jean Loup"]
[Black "Kirk, Ezra"]
[Result "1/2-1/2"]
[WhiteElo "1876"]
[BlackElo "1970"]
[PlyCount "78"]
[EventDate "2010.04.??"]
[EventType "swiss"]
[EventRounds "9"]
[EventCountry "FRA"]

1. Nf3 Nf6 2. d4 g6 3. g3 Bg7 4. Bg2 O-O 5. O-O d6 6. c4 Nc6 7. Nc3 e5 8. Bg5
h6 9. Bxf6 Bxf6 10. Qd2 Bg7 11. dxe5 Nxe5 12. Nxe5 dxe5 13. Rad1 Qxd2 14. Rxd2
c6 15. Rfd1 Be6 16. b3 f5 17. Na4 Rae8 18. Rd6 Kh7 19. Nc5 Bc8 20. b4 e4 21. f4
exf3 22. Bxf3 Be5 23. R6d3 Rf7 24. a4 Bc7 25. Kh1 h5 26. b5 f4 27. gxf4 Bxf4
28. Rd8 Rfe7 29. Rxe8 Rxe8 30. Nxb7 cxb5 31. axb5 g5 32. Rd8 Rxd8 33. Nxd8 g4
34. Bd5 Kg6 35. Nc6 Bd7 36. Nxa7 Be3 37. Nc6 Kf5 38. Nb4 Ke5 39. Kg2 h4 1/2-1/2

[Event "Open International d'Ambès 2010"]
[Site "Ambes"]
[Date "2010.04.26"]
[Round "4.9"]
[White "Jund, Christian"]
[Black "Curely, Etienne"]
[Result "0-1"]
[WhiteElo "1969"]
[BlackElo "1793"]
[PlyCount "40"]
[EventDate "2010.04.??"]
[EventType "swiss"]
[EventRounds "9"]
[EventCountry "FRA"]

1. c4 e6 2. g3 d5 3. Bg2 c6 4. b3 Nf6 5. Bb2 Nbd7 6. Nf3 Bd6 7. O-O O-O 8. d3
Re8 9. Nbd2 e5 10. cxd5 cxd5 11. Rc1 Nb6 12. e4 d4 13. Ng5 h6 14. Nh3 Ng4 15.
Kh1 h5 16. Ng1 Qf6 17. Qf3 Qh6 18. Nc4 Nxc4 19. bxc4 Nxh2 20. Kxh2 Bg4 0-1

[Event "Open International d'Ambès 2010"]
[Site "Ambes"]
[Date "2010.04.26"]
[Round "4.10"]
[White "Banana, Adnanne"]
[Black "Masset, Jacques"]
[Result "1/2-1/2"]
[WhiteElo "1717"]
[BlackElo "1963"]
[PlyCount "89"]
[EventDate "2010.04.??"]
[EventType "swiss"]
[EventRounds "9"]
[EventCountry "FRA"]

1. e4 c5 2. Nf3 e6 3. d4 cxd4 4. Nxd4 Nc6 5. Nb5 d6 6. Bf4 e5 7. Be3 Nf6 8. Bg5
a6 9. N5c3 b5 10. Nd5 Be6 11. Na3 Be7 12. Bxf6 Bxf6 13. c3 Bg5 14. Nc2 O-O 15.
Be2 Ne7 16. Nxe7+ Qxe7 17. Nb4 Rfc8 18. Bg4 Rc4 19. O-O a5 20. Nd5 Qb7 21. Bf3
Bxd5 22. Qxd5 Qxd5 23. exd5 f5 24. Be2 Rc5 25. a4 bxa4 26. Rxa4 Rb8 27. b4 axb4
28. cxb4 Rc2 29. Ba6 Rb2 30. b5 Rd2 31. Rc4 Rxd5 32. b6 Rc5 33. Rxc5 dxc5 34.
Bc4+ Kf8 35. Rb1 Ke7 36. b7 Kd6 37. Bg8 Rxg8 38. b8=Q+ Rxb8 39. Rxb8 c4 40. Kf1
c3 41. Rc8 Bd2 42. Ke2 e4 43. Rf8 Bg5 44. Kd1 Bf6 45. Kc2 1/2-1/2

[Event "Open International d'Ambès 2010"]
[Site "Ambes"]
[Date "2010.04.26"]
[Round "4.11"]
[White "Babu, Anthony"]
[Black "Fantinel, Thibault"]
[Result "0-1"]
[WhiteElo "1919"]
[BlackElo "2187"]
[PlyCount "96"]
[EventDate "2010.04.??"]
[EventType "swiss"]
[EventRounds "9"]
[EventCountry "FRA"]

1. e4 c5 2. Nf3 e6 3. d4 cxd4 4. Nxd4 Nc6 5. Nc3 Qc7 6. Be2 a6 7. O-O Nf6 8.
Bg5 Bb4 9. Nxc6 bxc6 10. Bf3 e5 11. a3 Be7 12. Be3 O-O 13. Na4 Rb8 14. Rb1 d6
15. c4 Be6 16. Qc2 Nd7 17. Rfd1 c5 18. Be2 Rfc8 19. Rdc1 h6 20. Bd3 Bg5 21.
Bxg5 hxg5 22. Nc3 Rb6 23. Qe2 f6 24. Rd1 Rcb8 25. Na4 Rc6 26. b3 Nf8 27. Bc2
Qf7 28. Nc3 Rbc8 29. Qd3 Qh5 30. Nd5 Bxd5 31. Qxd5+ Qf7 32. Rd3 Ne6 33. Bd1 Nf4
34. Qxf7+ Kxf7 35. Re3 Rb8 36. Bg4 Ke7 37. g3 Ng6 38. Kf1 Rcb6 39. Ke2 a5 40.
Kd2 a4 41. Kc2 Nh8 42. Ree1 axb3+ 43. Kb2 Nf7 44. Ra1 Nd8 45. a4 Nc6 46. Re3
Rb4 47. Rc3 Na5 48. Be2 Rh8 0-1

[Event "Open International d'Ambès 2010"]
[Site "Ambes"]
[Date "2010.04.26"]
[Round "4.12"]
[White "Le Hetet, Nicolas"]
[Black "Cazeaux, Didier"]
[Result "1-0"]
[WhiteElo "2149"]
[BlackElo "1864"]
[PlyCount "73"]
[EventDate "2010.04.??"]
[EventType "swiss"]
[EventRounds "9"]
[EventCountry "FRA"]

1. e4 d5 2. exd5 Qxd5 3. Nc3 Qa5 4. d4 Nf6 5. Nf3 Bg4 6. h3 Bxf3 7. Qxf3 c6 8.
Bd2 Nbd7 9. O-O-O e6 10. Bc4 Be7 11. Nd5 Qd8 12. Nxe7 Qxe7 13. Bf4 Nb6 14. Bb3
a5 15. a3 Nbd5 16. Be5 b5 17. c3 b4 18. c4 a4 19. Bc2 bxa3 20. bxa3 Nb6 21.
Qxc6+ Nfd7 22. Bd6 Qg5+ 23. f4 Qg3 24. Rd3 Qf2 25. c5 Rc8 26. Qb7 f6 27. Rd2
Qe3 28. cxb6 Rxc2+ 29. Kxc2 Qb3+ 30. Kc1 Qc3+ 31. Kd1 Qa1+ 32. Ke2 Qxh1 33.
Qc8+ Kf7 34. Qxd7+ Kg6 35. Kf2 Qc1 36. Re2 Qc3 37. Bc5 1-0

[Event "Open International d'Ambès 2010"]
[Site "Ambes"]
[Date "2010.04.26"]
[Round "4.13"]
[White "Tholey, Jean Paul"]
[Black "Lambert, Robert"]
[Result "1/2-1/2"]
[WhiteElo "1996"]
[BlackElo "1811"]
[PlyCount "92"]
[EventDate "2010.04.??"]
[EventType "swiss"]
[EventRounds "9"]
[EventCountry "FRA"]

1. d4 Nf6 2. c4 g6 3. Nc3 Bg7 4. e4 e6 5. f3 O-O 6. Be3 Nc6 7. Qd2 e5 8. Nge2
a6 9. d5 Ne7 10. g4 c6 11. dxc6 bxc6 12. Rd1 d5 13. cxd5 cxd5 14. Nxd5 Nexd5
15. exd5 e4 16. Nc3 exf3 17. h3 Re8 18. Kf2 Bxg4 19. Bd4 Bh5 20. Bc4 Rc8 21.
Qd3 Nd7 22. Bxa6 Qh4+ 23. Kf1 Rxc3 24. Qxc3 Qg3 25. Rg1 Qxh3+ 26. Kf2 Qh2+ 27.
Kf1 Re2 28. Qc8+ Nf8 29. Bc5 f2 30. Rg4 Bxg4 31. Qxg4 Rxb2 32. Qg2 Qh5 33. Rc1
Bh6 34. Ra1 Rc2 35. Bb4 Qe5 36. Rd1 Rxa2 37. Bd3 Qh5 38. Rb1 Be3 39. Bc4 Rb2
40. Ra1 Rxb4 41. Be2 Qe5 42. Rd1 Rh4 43. Rd3 Qa1+ 44. Rd1 Qe5 45. Rd3 Qa1+ 46.
Rd1 Qe5 1/2-1/2

[Event "Open International d'Ambès 2010"]
[Site "Ambes"]
[Date "2010.04.26"]
[Round "4.14"]
[White "Basso, Pierre Yves"]
[Black "Bordas, Laurent"]
[Result "1-0"]
[WhiteElo "1972"]
[BlackElo "1601"]
[PlyCount "57"]
[EventDate "2010.04.??"]
[EventType "swiss"]
[EventRounds "9"]
[EventCountry "FRA"]

1. d4 d6 2. Nf3 Bg4 3. c4 Bxf3 4. gxf3 e6 5. Nc3 Nf6 6. Rg1 Nbd7 7. e4 g6 8.
Bg5 Bg7 9. h4 h6 10. Be3 a6 11. Qd2 c5 12. f4 cxd4 13. Bxd4 Nc5 14. f3 O-O 15.
O-O-O Qc7 16. f5 exf5 17. exf5 Kh7 18. Qg2 d5 19. Bxf6 Qf4+ 20. Rd2 Bxf6 21.
fxg6+ fxg6 22. Qxg6+ Kh8 23. Nxd5 Bxb2+ 24. Kc2 Qf5+ 25. Qxf5 Rxf5 26. Kxb2
Rxf3 27. Rdg2 Raf8 28. Ne7 Na4+ 29. Kc2 1-0